000 01264nac a22003131u 4500
003 EG-ScBUE
005 20221012100503.0
008 221012s2007 enka f b 001 0 eng d
020 _a1405131470 (pbk. : alk. paper)
020 _a9781405131476 (pbk. : alk. paper)
035 _a(OCoLC)ocm76820650
035 _a(OCoLC)76820650
040 _aEG-ScBUE
_beng
_erda
_cEG-ScBUE
_dEG-ScBUE
082 0 4 _a720.68
_bEMM
_222
100 1 _aEmmitt, Stephen,
_eauthor.
245 1 0 _aDesign management for architects /
_cStephen Emmitt.
264 1 _aOxford ;
_aMalden, MA :
_bBlackwell Publication,
_c2007.
300 _axi, 332 pages :
_billustrations ;
_c25 cm
500 _adistributer: Al-Ahram
504 _aIncludes bibliographical references and index.
650 7 _aArchitectural design.
_2BUEsh
650 7 _aArchitectural practice
_xManagement.
_2BUEsh
653 _bENGARC
655 _vReading book
856 4 1 _3Table of contents only
_uhttp://www.loc.gov/catdir/toc/ecip075/2006037872.html
856 4 1 _3Contributor biographical information
_uhttp://www.loc.gov/catdir/enhancements/fy0802/2006037872-b.html
856 4 1 _3Publisher description
_uhttp://www.loc.gov/catdir/enhancements/fy0802/2006037872-d.html
942 _cBB
_k720.68 EMM
_2ddc
999 _c8071
_d8071